Cách tiến hành công trình nghiên cứu y học

Đã lưu trong:
书目详细资料
主要作者: Nguyễn Thanh Liêm
格式: 图书
语言:Undetermined
出版: Hà Nội Y Học 1997
主题:
标签: 添加标签
没有标签, 成为第一个标记此记录!
Thư viện lưu trữ: Trung tâm Học liệu Trường Đại học Cần Thơ
LEADER 00545nam a2200169Ia 4500
001 CTU_46004
008 210402s9999 xx 000 0 und d
082 |a 610.72 
082 |b L304 
100 |a Nguyễn Thanh Liêm 
245 0 |a Cách tiến hành công trình nghiên cứu y học 
245 0 |c Nguyễn Thanh Liêm, Lê Bích Thủy, Đặng Phương Kiệt 
260 |a Hà Nội 
260 |b Y Học 
260 |c 1997 
650 |a medical research 
980 |a Trung tâm Học liệu Trường Đại học Cần Thơ